عقد التمويل المتعلق بالملكية في البنوك الاسلامية /
Saved in:
| Main Author: | |
|---|---|
| Other Authors: | |
| Format: | Thesis |
| Language: | Arabic |
| Published: |
al-Jaza'ir :
Jami'ah al-Jaza'ir,
2002-2003
|
| Subjects: | |
| Tags: |
Add Tag
No Tags, Be the first to tag this record!
|
| LEADER | 014880000a22003010004500 | ||
|---|---|---|---|
| 008 | 110125s2002 ae f00 0000 00ara d | ||
| 040 | |a UIAM |b eng | ||
| 041 | |a ara | ||
| 050 | 0 | 4 | |a BP158.6.P71 |
| 100 | 1 | |a فتيحة، حزاه | |
| 242 | 1 | 0 | |a 'Aqd al-tamwil al-muta'allaq bi-al-milkiyah fi al-bunuk al-Islamiyah |
| 245 | 1 | 0 | |a عقد التمويل المتعلق بالملكية في البنوك الاسلامية / |c اعداد حزاه فتيحة |
| 260 | |a al-Jaza'ir : |b Jami'ah al-Jaza'ir, |c 2002-2003 | ||
| 300 | |a 141 leaves ; |c 30 cm. | ||
| 500 | |a "رسالة مقدمة لنيل درجة الماجستير في القانون الخاص "On t.p. | ||
| 502 | |a Thesis (M.A.)--Jami'at al-Jaza'ir, 2002. | ||
| 504 | |a Includes bibliographical references (leaves 125-136). | ||
| 596 | |a 1 4 | ||
| 650 | |a Profit sharing (Islamic law) | ||
| 650 | |a Partnership (Islamic law) | ||
| 655 | |a Theses, Facsimile edition (Islamic) | ||
| 700 | |a Fatihah, Hazzah | ||
| 710 | |a Jami'at al-Jaza'ir. |b Kulliyat al-Huquq | ||
| 710 | |a جامعة الجزائر. |b كلية الحقوق | ||
| 900 | |a sz-ami | ||
| 999 | |c 433565 |d 464503 | ||
| 952 | |0 0 |6 TI BP 000158.6 P71 F253A 2002 |7 0 |8 THESES |9 752228 |a IIUM |b IIUM |c MULTIMEDIA |g 238.50 |o ti BP 158.6 P71 F253A 2002 |p 00011217319 |r 2017-10-23 |t 1 |v 238.50 |y THESIS | ||
| 952 | |0 0 |6 TI BP 000158.6 P71 F253A 2002 |7 0 |8 THESES |9 756579 |a IIiBFL |b IIiBFL |c CLOSEACCES |g 238.50 |o ti BP 158.6 P71 F253A 2002 |p 00011217318 |r 2017-11-08 |t 1 |v 238.50 |y THESIS | ||
